000 00678nam a22002297a 4500
003 UA-OsUOA
001 32077
007 ta
008 20050121b un ||||| |||| 00| 0 ukr d
090 _a141.82
_bЛ45
942 _cBK
040 _aUA-OsUOA
_brus
_cUA-OsUOA
_dUA-OsUOA
245 _aЛенинизм и развитие реализма как мировой эстетической системы
_bСборник научных трудов
_cРед. Л. В.Затонский
300 _a334 с.
955 _a0
041 _arus
080 _a141.82
260 _aКиев
_bНаукова думка
_c1987
044 _aRU
650 7 _2UDC
999 _c318514
_d318514